Dark Souls 1 Prologue - Statistics

General Stats
  • This quiz has been taken 422 times
  • The average score is 105 of 175
Answer Stats
Answer % Correct
A
94%
a
94%
the
92%
The
92%
Dark.
91%
Dark,
91%
Dark
91%
Gwyn,
90%
of
90%
Fire.
89%
Fire,
89%
so
88%
Nito,
87%
Nito
87%
dragons.
85%
dragons
85%
Lord
85%
and
83%
And
83%
Age
82%
In
82%
Light
82%
light,
82%
Seath
82%
Witch
78%
death,
76%
death
76%
Izalith,
74%
first
73%
Scaleless
73%
dead,
72%
his
68%
pygmy,
67%
with
65%
With
65%
life
64%
betrayed
63%
Souls
62%
forgotten.
61%
furtive
61%
Ancients,
60%
Chaos,
60%
was
60%
easily
58%
flame.
58%
her
58%
world
58%
came
57%
came,
57%
no
57%
own,
57%
Sunlight,
57%
Lords
55%
Lords,
55%
then
55%
Then,
55%
daughters
54%
knights,
54%
scales.
54%
They
54%
they
54%
there
53%
miasma
52%
were
52%
cold,
51%
course...
49%
more.
48%
grey
47%
everlasting
46%
Heat
46%
But
45%
but
45%
Disparity.
45%
from
45%
disease.
42%
land
41%
fog.
40%
witches
39%
by
38%
stone
38%
unleashed
36%
bolts
35%
found
35%
began
34%
Darksign.
34%
shrouded
34%
archtrees,
33%
challenged
33%
faithful
33%
Thus
33%
fade,
31%
great
31%
Strength
31%
unformed,
30%
will
27%
within
27%
their
26%
Gwyn's
25%
only
25%
crags,
24%
firestorms.
24%
man
24%
mighty
24%
flames
23%
accursed
22%
are
22%
embers,
21%
now,
21%
remain.
21%
soon,
21%
weaved
20%
peeled
18%
not
17%
apart
16%
Even
15%
sees
12%
endless
11%
living
10%
nights.
10%
amongst
9%
carriers
9%
seen,
8%
No matching quizzes found
Score Distribution
Percent of People with Each Score
Percentile by Number Answered
Your Score History
You have not taken this quiz